|
|
|
|
| LEADER |
00000nas a2200000 a 4500 |
| 001 |
ssj0000626846 |
| 003 |
WaSeSS |
| 005 |
20200512172242.0 |
| 006 |
m d |
| 007 |
cr n |
| 008 |
120309d20122017maufr p s 0 a0eng c |
| 010 |
|
|
|a 2012250704
|
| 022 |
|
|
|a 2167-9088
|l 2165-5235
|y 2165-5235
|
| 035 |
|
|
|a (WaSeSS)ssj0000626846
|
| 037 |
|
|
|b Office of Student Publications, Boston College Law School, 885 Centre Street, Newton Centre, MA 02459
|
| 040 |
|
|
|a AU@
|b eng
|c AU@
|d ZSL
|d UCO
|d BUF
|d DLC
|d OCLCQ
|d OCLCO
|d OCLCF
|d OCLCO
|d OCLCQ
|d OCLCO
|d UCILW
|d OCL
|d OCLCA
|d U3W
|d UKBOL
|d WST
|d YOR
|d WaSeSS
|
| 042 |
|
|
|a pcc
|a nsdp
|
| 043 |
|
|
|a n-us-ma
|
| 050 |
|
4 |
|a K2
|b .O84eb
|
| 082 |
1 |
0 |
|a 340
|2 14
|
| 222 |
|
0 |
|a Boston College journal of law & social justice
|b (Online)
|
| 245 |
0 |
0 |
|a Boston College journal of law & social justice
|h [electronic resource].
|
| 246 |
1 |
|
|a Boston College journal of law and social justice
|
| 246 |
1 |
|
|a Journal of law and social justice
|
| 246 |
1 |
|
|i Some providers cite as:
|a B.C.J.L. & Soc. Just
|
| 260 |
|
|
|a Newton Centre, Mass. :
|b Boston College Law School,
|c 2012-[2017]
|
| 310 |
|
|
|a Semiannual
|
| 362 |
1 |
|
|a Began with vol. 32, no. 1 (winter 2012); ceased with volume XXXVII, e. supp. (2017).
|
| 506 |
|
|
|a License restrictions may limit access.
|
| 525 |
|
|
|a Includes electronic supplements.
|
| 588 |
|
|
|a Description based on: Vol. 32, no. 1 (winter 2012); title from PDF table of contents page caption (publisher's Web site, viewed May 15, 2012).
|
| 588 |
|
|
|a Latest issue consulted: Volume XXXVII, e. supp. (2017) (HeinOnline, viewed February 5, 2018).
|
| 650 |
|
0 |
|a Law reviews
|z Massachusetts.
|
| 650 |
|
0 |
|a Social justice
|v Periodicals.
|
| 650 |
|
0 |
|a Minorities
|x Legal status, laws, etc.
|v Periodicals.
|
| 650 |
|
7 |
|a Law reviews.
|2 fast
|0 (OCoLC)fst00994120
|
| 650 |
|
7 |
|a Minorities
|x Legal status, laws, etc.
|2 fast
|0 (OCoLC)fst01023189
|
| 650 |
|
7 |
|a Social justice.
|2 fast
|0 (OCoLC)fst01122603
|
| 651 |
|
7 |
|a Massachusetts.
|2 fast
|0 (OCoLC)fst01204307
|
| 653 |
|
|
|a Law
|
| 655 |
|
0 |
|a Electronic journals.
|
| 710 |
2 |
|
|a Boston College.
|b Law School.
|
| 776 |
0 |
8 |
|i Print version:
|t Boston College journal of law & social justice
|x 2165-5235
|w (DLC) 2012200512
|w (OCoLC)773198135
|
| 780 |
0 |
0 |
|t Boston College Third World law journal
|x 1930-5648
|w (DLC) 2006213842
|w (OCoLC)48552103
|
| 785 |
0 |
4 |
|t Boston College law review
|x 1930-661X
|w (DLC) 2006213869
|w (OCoLC)49368374
|
| 856 |
4 |
0 |
|z Full text available from Research Library: Spring 2012 to 05/31/2017
|u https://search.proquest.com/publication/596297
|